Fake v Real Flags #3- Sudden Death - Statistics

General Stats
  • This quiz has been taken 459 times
  • The average score is 5 of 14
Answers on the Grid
Answers color-coded by a green-red scale on the quiz's grid according to % correct below.
 
Answer Stats
Answer % Correct
75%
55%
55%
54%
42%
31%
30%
26%
24%
20%
19%
17%
15%
7%
No matching quizzes found
Score Distribution
Percent of People with Each Score
Percentile by Number Answered
Your Score History
You have not taken this quiz